| 000 | 00592nam a2200205 u 4500 | ||
|---|---|---|---|
| 005 | 20240816063732.0 | ||
| 008 | 080613s2003 r 000 0 eng d | ||
| 020 | _a9702405718 | ||
| 035 | _aUPN01000156877 | ||
| 049 | _aI | ||
| 050 | 4 |
_aPZ74.2 _bF3.3 |
|
| 245 | 0 | 0 |
_aFábulas clásicas / _cselec. de Salvador Novo. |
| 260 |
_aMéxico : _bPatria, _c2003. |
||
| 300 |
_a126 p. : _bil. col. |
||
| 440 | 0 |
_aPatria infantil-juvenil ; _v1 |
|
| 650 | 4 |
_aFábulas _98251 |
|
| 650 | 0 |
_aAnimales _vCuentos y leyendas _9234 |
|
| 700 | 1 |
_aNovo, Salvador, _d1904-1974 _ecomp. _929403 |
|
| 905 | _aInfantil | ||
| 999 |
_c128991 _d128991 |
||